| 000 | 01550nam a22004217a 4500 | ||
|---|---|---|---|
| 003 | CHAP | ||
| 005 | 20240201062652.0 | ||
| 008 | 971013s1995 r 00010 d | ||
| 010 | _a41021 | ||
| 011 | _a41993 | ||
| 035 | _a46120 | ||
| 040 | _cCHAP | ||
| 090 | _aTesis | ||
| 100 | 0 | 0 |
_aHerros Martínez, Marco Antonio. _954999 |
| 245 | _aComportamiento productivo de becerras Holstein de reemplazo asignadas a dietas con dos niveles de maleza adicionando probióticos o ionóforo | ||
| 260 |
_aChapingo, Méx. : _bEl autor, _c1995 |
||
| 300 |
_a51 h. _b; gráfs. |
||
| 502 | _aTesis (Ing. Agr. Esp. en Zootecnia ) -- UACH. Departamento de Zootecnia | ||
| 590 |
_aALEPH _b10 _c20130110 _lUCH01 _h1310 |
||
| 590 |
_aBATCH-UPD _b10 _c20130110 _lUCH01 _h0142 |
||
| 590 |
_aBATCH-UPD _b10 _c20130110 _lUCH01 _h0932 |
||
| 590 |
_aBATCH-UPD _b10 _c20130409 _lUCH01 _h2141 |
||
| 590 |
_aBATCH-UPD _b10 _c20130410 _lUCH01 _h0551 |
||
| 590 |
_aBATCH-UPD _b10 _c20130914 _lUCH01 _h1511 |
||
| 590 |
_aCONVERSION _b10 _c20130109 _lUCH01 _h1323 |
||
| 650 | 1 | 4 |
_aAntibioticos en nutricion animal. _96052 |
| 650 | 1 | 4 |
_aGanado Holstein. _945133 |
| 650 | 1 | 4 |
_aGanado vacuno _xAlimentación. _945429 |
| 650 | 1 | 4 |
_aLevaduras. _966401 |
| 650 | 1 | 4 |
_aMelaza en alimentación animal. _974315 |
| 650 | 1 | 4 |
_aProbióticos. _991693 |
| 650 | 1 | 7 |
_aSaccharomyces cerevisiae _2 _9101125 |
| 700 | 0 |
_aHuerta Durán, José. _956670 |
|
| 901 | _aBK | ||
| 942 | _cFOLL | ||
| 949 |
_bBC _cTES _d-105153 _eTS1 _h30430 _i46120 _si |
||
| 949 |
_bBC _cTES _d33724000004388 _eTS2 _fc.2 _h30431 _i46120 _si |
||
| 999 |
_c41021 _d41021 |
||